Praktikum 2 z metodiky účtovníctva rozpočtových organizácií platnej od 1.1.1993

Na minha lista:
Detalhes bibliográficos
Autor principal: Karliková, Tatiana
Outros Autores: Suja, Stanislav
Formato: Livro
Idioma:eslovaco
Publicado em: Žilina EkonSpo 1993
Edição:1. vyd.
Colecção:Účtovníctvo
Assuntos:
Tags: Adicionar Tag
Sem tags, seja o primeiro a adicionar uma tag!

MARC

LEADER 00000nam a2200000 4500
001 c005760
005 20221214082708.2
020 |a 80-7156-017-0 
041 0 |a slo 
044 |a SK 
245 1 0 |a Praktikum 2 z metodiky účtovníctva rozpočtových organizácií platnej od 1.1.1993  |c Tatiana Karliková, Stanislav Suja 
250 |a 1. vyd. 
264 1 |a Žilina  |b EkonSpo  |c 1993 
300 |a 105 s. 
490 1 |a Účtovníctvo 
830 0 |a Účtovníctvo 
610 2 0 |a účtovníctvo 
610 2 0 |a organizácie rozpočtové 
100 1 |a Karliková, Tatiana 
700 1 |a Suja, Stanislav